000 00402nam a2200181Ia 4500
005 20251020182551.0
008 200515s9999 xx 000 0 und d
082 _aR/058:69(85)/C22/1985/t.I
110 _aCAPECO
245 0 _aAnuarium 85 de la construcción
260 _aLima
260 _c1985
300 _a449
650 _aANUARIUM
650 _aLIB
650 _aPUB CAPECO
942 _cLIB
999 _c2718
_d2718